Statistics for Afrika på kartan

Click here to take the quiz!

General Stats

  • This quiz has been taken 199 times
  • The average score is 29 of 54

Answers on the Map

Answers color-coded by a green-red scale on the quiz's map according to % correct below.
 

Answer Stats

Answer% Correct
Algeriet
82%
Egypten
82%
Marocko
78%
Somalia
77%
Madagaskar
75%
Tunisien
75%
Sydafrika
72%
Libyen
68%
Etiopien
67%
Kenya
65%
Kongo-Kinshasa
65%
Sudan
65%
Eritrea
63%
Centralafrikanska
republiken
62%
Djibouti
62%
Sydsudan
61%
Rwanda
58%
Moçambique
57%
Tchad
57%
Uganda
57%
Angola
56%
Swaziland
56%
Tanzania
53%
Burundi
52%
Kap Verde
52%
Kongo-Brazzaville
52%
Lesotho
52%
Botswana
51%
Mali
51%
Mauretanien
51%
Niger
51%
Burkina Faso
48%
Ekvatorialguinea
48%
Mauritius
48%
Nigeria
48%
Malawi
47%
Seychellerna
47%
Togo
47%
Elfenbenskusten
46%
Namibia
46%
Kamerun
44%
Senegal
44%
Zimbabwe
43%
São Tomé och
Príncipe
42%
Zambia
41%
Benin
39%
Gabon
39%
Komorerna
39%
Ghana
38%
Guinea
38%
Liberia
37%
Gambia
35%
Guinea-Bissau
35%
Sierra Leone
34%

Score Distribution

Percentile by Number Answered

Percent of People with Each Score

Your Score History

You have not taken this quiz